Detalles MARC
| 000 -LIDER |
| fixed length control field |
01064nam a2200277 a 4500 |
| 001 - NÚMERO DE CONTROL |
| Identificador de número de control |
|
| 003 - IDENTIFICACDOR DE NÚMERO DE CONTROL |
| control field |
DO-SdBNP |
| 005 - DATE AND TIME OF LATEST TRANSACTION |
| control field |
20210722103103.0 |
| 008 - ELEMENTOS DE LONGITUD FIJA |
| fixed length control field |
150408s1998 dr 000 0 spa d |
| 040 ## - FUENTE DE CATALOGACIÓN |
| Agencia que crea de manera original el registro |
BPMSU |
| Idioma de catalogación |
spa |
| Agencia que realiza la transcripción |
BPMSU |
| 082 ## - NÚMERO DE CLASIFICACIÓN DECIMAL DE DEWEY |
| Classification number |
972.93054 |
| Item number |
D637u |
| Edition number |
22 |
| 110 2# - ASIENTO PRINCIPAL--NOMBRE CORPORATIVO |
| Nombre corporativo o de jurisdicción |
República Dominicana |
| Unidad subordinada |
Unión de Nacionalistas |
| 245 10 - MENCIÓN DE TITULO |
| Título |
Documentos de la Unión Nacionalista : |
| Subtítulo |
un testimonio para la historia dominicana del 30 de marzo de 1992 al 27 de febrero de 1998. |
| 260 ## - PUBLICACIÓN, DISTRIBUCIÓN, ETC. (PIE DE IMPRENTA) |
| Lugar de publicación, distribución, etc |
Santo Domingo : |
| Nombre del editor, distribuidor, etc. |
Collado, |
| Fecha de publicación, distribución, etc |
1998. |
| 300 ## - DESCRIPCIÓN FÍSICA |
| Extensión |
v. ; |
| Dimensiones |
22 cm. |
| 500 ## - NOTA GENERAL |
| Nota general |
|
| 500 ## - NOTA GENERAL |
| Nota general |
Perteneció a la biblioteca personal de Carmen Herrera |
| 534 ## - NOTA SOBRE LA VERSIÓN ORIGINAL |
| Asiento principal del original |
Título original : |
| Mención del título original |
Unión Nacionalista documentos del 30 de marzo de 1992 al 27 de febrero de 1998 |
| Materiales especificados |
|
| 590 ## - NOTA LOCAL |
| Enlace |
Inventariado, 2021/VM |
| 610 #4 - ENCABEZAMIENTO DE MATERIA--NOMBRE CORPORATIVO |
| Nombre corporativo o de jurisdicción |
Unión Nacionalista (República Dominicana) |
| 650 #4 - ENCABEZAMIENTO DE MATERIA--TEMÁTICO |
| Término temático o nombre geográfico como elemento de entrada |
Movimientos revolucionarios |
| Subdivisión geográfica |
República Dominicana |
| 650 #4 - ENCABEZAMIENTO DE MATERIA--TEMÁTICO |
| Término temático o nombre geográfico como elemento de entrada |
Nacionalismo |
| Subdivisión geográfica |
República Dominicana |
| 651 #4 - ENCABEZAMIENTO DE MATERIA--NOMBRE GEOGRÁFICO |
| Nombre geográfico |
República Dominicana |
| Subdivisión temática general |
Historia |
| 910 ## - VALIDACIÓN |
| Validación |
VMateo V |
| 942 ## - ADDED ENTRY ELEMENTS (KOHA) |
| Source of classification or shelving scheme |
Dewey Decimal Classification |
| Koha item type |
Libros |